000 01132nam0a2200361 4500
001 RU\NLR\bibl\165477
005 20260406061056.0
010 _a5-93925-007-6
_95000
021 _aRU
_b2001-13398
_9631
035 _a(NLR Aleph) 000162309
090 _a933773
_c933773
100 _a20010606d2001 |||y0rusy50 ca
101 1 _arus
_ceng
102 _aRU
105 _aa |||||||||
200 1 _aБожий контрабандист
_fБрат Андрей
_g[Пер. с англ. Р. Шемпель]
210 _aСПб.
_cШандал
_d2001
215 _a297,[1] с.
_cил.
_d20
606 0 _aМиссионерство
_91586146
_3RU\NLR\auth\66696640
610 0 _aМиссионерство
610 0 _aХристианство
675 _a266.2
_v3
_zrus
686 _a21.15
_2rugasnti
686 _a86.37
_2rubbk
686 _aЭ37-683
700 0 _4070
_8rus
_7ca
_aАндрей
_cбрат
_3RU\NLR\AUTH\7711299
_9121050
801 0 _aRU
_bRKP
_c20010606
_gPSBO
801 1 _aRU
_bRKP
_c20010606
801 2 _aRU
_bNLR
_c20010716
_grcr
942 _cBOOK
980 _aNB